Vista normal
Vista MARC
Entrada Nombre corporativo
Número de registros utilizados en: 8
001 - NÚMERO DE CONTROL
- Campo de control: 4636
003 - IDENTIFICADOR DE NÚMERO DE CONTROL
- Campo de control: ES-MaCES
005 - FECHA Y HORA DE LA ULTIMA MODIFICACION
- Campo de control: 20060201175000.0
008 - ELEMENTOS DE DATOS DE LONGITUD FIJA
- Campo de longitud fija: 060201 | azznnaabn || ana d
035 ## - NÚMERO DE CONTROL DEL SISTEMA
- Número de control del sistema: CES20060000235e
040 ## - FUENTE DE LA CATALOGACIÓN
- Agencia original de catalogación: ES-MaCES
- Idioma de catalogación: spa
- Agencia de transcripción: ES-MaCES
110 2# - ENCABEZAMIENTO--NOMBRE CORPORATIVO
- Nombre corporativo o de jurisdicción como elemento de entrada: Nueva Economía Fórum
410 2# - TRAZADO VEÁSE--NOMBRE CORPORATIVO
- Nombre corporativo o de jurisdicción como elemento de entrada: Foro de la Nueva Economía
410 2# - TRAZADO VEÁSE--NOMBRE CORPORATIVO
- Nombre corporativo o de jurisdicción como elemento de entrada: Fórum Europa
670 ## - FUENTE DE DATOS ENCONTRADOS
- Fuente de citación: CD del CES
- Información encontrada: : contrariamente a como normaliza la BN, como "Foro de la Nueva Economía", que ´junto con "Fórum Europa" y otras, constituyen plataformas de diálogo y debate dentro de Nueva Economía Fórum, organización independiente de Debate
901 ## - CES. DATOS SIRTEX
- ID Sirtex (N5N8): 0001800006489
- 005BIS Sirtex: 200602011750ALORITE

